| 000 | 00362nam a22001457a 4500 | ||
|---|---|---|---|
| 999 |
_c9130 _d9130 |
||
| 003 | OSt | ||
| 008 | 201117b ||||| |||| 00| 0 eng d | ||
| 020 | _a9788121908153 | ||
| 100 | _aMathur, D.S. | ||
| 245 | _aElements of Properties of Matter | ||
| 260 |
_aNew Delhi _bShyam Lal publisher _c2020 |
||
| 300 | _a580p. | ||
| 650 | _aB.Sc Non Medical | ||
| 942 |
_2ddc _cBK |
||